Potato (Record no. 770495)

MARC details
000 -LEADER
fixed length control field 01619nam a22003737a 4500
005 - DATE AND TIME OF LATEST TRANSACTION
control field 20241114125155.0
008 - FIXED-LENGTH DATA ELEMENTS--GENERAL INFORMATION
fixed length control field 241114b sa ||||| |||| 00| 0 eng d
020 ## - INTERNATIONAL STANDARD BOOK NUMBER
International Standard Book Number <a href="9780716628620">9780716628620</a>
Qualifying information (hbk)
040 ## - CATALOGING SOURCE
Original cataloging agency RDA
Transcribing agency 3228
041 ## - LANGUAGE CODE
Language English
082 ## - DEWEY DECIMAL CLASSIFICATION NUMBER
Classification number J641.352 1POTA
942 ## - ADDED ENTRY ELEMENTS
Creator ID 6197
Creator Name Nontobeko Sigudla
Modifier ID 6197
Modifier Name Nontobeko Sigudla
245 ## - TITLE STATEMENT
Title Potato
Cover Title Taste the World
260 ## - PUBLICATION, DISTRIBUTION, ETC.
Place of publication, distribution, etc. Chicago, illinois
Name of publisher, distributor, etc. World book
Date of publication, distribution, etc. 2020
300 ## - PHYSICAL DESCRIPTION
Extent 48 Pages
Other physical details Colour illustrations
Dimensions 27 cm
490 ## - SERIES STATEMENT
Series statement Taste the world!
504 ## - BIBLIOGRAPHY, ETC. NOTE
Linkage Did you know that there's evidence that potatoes were grown 8000 years ago? And that after a potato is harvested, it is still living? or that in ancient Peru, purple potatoes were considered the food of gods and reserved for kings? You'll learn this and more in World book's Taste the World! Potato.
521 ## - TARGET AUDIENCE NOTE
Target audience note Juvenile
600 ## - SUBJECT ADDED ENTRY--PERSONAL NAME
Source of heading or term Potatoes
600 ## - SUBJECT ADDED ENTRY--PERSONAL NAME
Source of heading or term Cooking (Potatoes)
700 ## - ADDED ENTRY--PERSONAL NAME
Personal name Editorial writer Mellonee Carrigan
9 (RLIN) 190841
700 ## - ADDED ENTRY--PERSONAL NAME
Personal name Managed by Nick Kilzer
9 (RLIN) 190842
700 ## - ADDED ENTRY--PERSONAL NAME
Personal name Indexing by David Pofelski
9 (RLIN) 190843
700 ## - ADDED ENTRY--PERSONAL NAME
Personal name Proofreaded by Nathalie Strassheim
9 (RLIN) 190844
700 ## - ADDED ENTRY--PERSONAL NAME
Personal name Right Permissions by Loranne K. Shields
9 (RLIN) 190845
700 ## - ADDED ENTRY--PERSONAL NAME
Personal name Digital product development by Erika Meller
9 (RLIN) 190846
700 ## - ADDED ENTRY--PERSONAL NAME
Personal name Digital product manager Jonathan Wills
9 (RLIN) 190847
700 ## - ADDED ENTRY--PERSONAL NAME
Personal name Coordinator, Designer Brenda Tropinski
9 (RLIN) 190848
700 ## - ADDED ENTRY--PERSONAL NAME
Personal name Senior visual Melanie Bender
9 (RLIN) 190849
700 ## - ADDED ENTRY--PERSONAL NAME
Personal name Media editor Rosalia Bledsoe
9 (RLIN) 190850
700 ## - ADDED ENTRY--PERSONAL NAME
Personal name Senior web designer Matt Carrington
9 (RLIN) 190851
700 ## - ADDED ENTRY--PERSONAL NAME
Personal name Manufacturing manager Ann Fritzinger
9 (RLIN) 190852
700 ## - ADDED ENTRY--PERSONAL NAME
Personal name Production specialist Curley Hunter
9 (RLIN) 190853
942 ## - ADDED ENTRY ELEMENTS
Source of classification or shelving scheme Dewey Decimal Classification
item type Book
Holdings
Withdrawn status Lost status Source of classification or shelving scheme Damaged status Not for loan Collection code Home library Current library Shelving location Date acquired Cost, normal purchase price Full call number Barcode Date last seen Price effective from item type
    Dewey Decimal Classification     600: Technology & Applied Science MBOMBELA REGIONAL LIBRARY Kabokweni Children's Area 14.11.2024 195.00 J641.352 1POTA 33228031163593 14.11.2024 14.11.2024 Book